| 000 | 00892nam a2200289Ia 4500 | ||
|---|---|---|---|
| 001 | 477068 | ||
| 003 | EC-QuCCB | ||
| 005 | 20240819151527.0 | ||
| 007 | ta | ||
| 008 | 130917s2005 ec gr 001 0 spa d | ||
| 020 | _a9978-491015 | ||
| 040 | _aEC-QuCCB | ||
| 041 | _aspa | ||
| 082 |
_aE860.054 _bA118 |
||
| 100 | 1 |
_925 _aAbasolo, José Javier, _d1957- _q, |
|
| 245 | 1 | 3 |
_aLa rebelión de los monstruos _cJosé Javier Abasolo |
| 260 |
_aQuito, Ecuador : _bLibresa, _c2005 |
||
| 300 |
_a150 páginas : _bilustraciones ; _c20 cm |
||
| 336 |
_atexto _btxt |
||
| 337 |
_ano mediado _bn |
||
| 338 |
_avolumen _bnc |
||
| 490 |
_aMitad del Mundo ; _vnúmero 58 |
||
| 586 | _aRecomendado en el Concurso Internacional de Literatura Infantil Julio C. Coba 2005 | ||
| 650 |
_913898 _aLiteratura infantil española |
||
| 700 | 1 |
_aChamorro Aldas, Marco, _eilustrador _931300 _d1975- |
|
| 942 |
_2ddc _cBK |
||
| 999 |
_c465 _d465 |
||